000 00925nam a22002537a 4500
999 _c15912
_d15912
003 AR-CdUCM
008 190430b ||||| |||| 00| 0 spa d
040 _aMUNICIPALIDAD PROVINCIAL DEL CUSCO
_cBIBLIOTECA MUNICIPAL DEL CUSCO
082 _aEP / 869.56 /
_bC55
100 _aChicham, Awajún
_935139
245 _aAujmatbau /
260 _aChachapoyas :
_bGobierno Regional de Amazonas,
_c2008.
300 _a56 páginas ;
_bilustraciones,
_c21 cm.
500 _aTexto en lengua Awajún.
650 _aPoesía infantil peruana
_935140
650 _aLiteratura infantiles Awajún
_935141
650 _aSiglo XX
_98
700 _aShimbucat Taish, Pedro Luis (compilador)
_935142
700 _aShimbucat Taish, Segundo (ilustraciones)
_935143
710 _aGobierno Regional de Amazonia.
_935144
710 _aUnidad de Gestión Educativa Local (Condorcanqui)
_935145
942 _2ddc
_cLIBROS
945 _aachl
_d2019-04-30